000
00358nam a2200157Ia 4500
008
100122s9999 xx 000 0 und d
082
_b
75229
_a
954
100
_a
नायक श्रीकांत
245
_a
मंथन
250
_a
1
260
_c
2008
300
_a
320
630
_a
मंथन
730
_a
मंथन
942
_c
BOOK
999
_c
391305
_d
391302